[Event "Kvika Reykjavik Open 2022"]
[Site "Reykjavik, Iceland"]
[Date "2022.04.08"]
[Round "4.8"]
[White "Hjartarson, Johann"]
[Black "Andersen, Mads"]
[Result "1/2-1/2"]
[WhiteElo "2465"]
[BlackElo "2582"]
[PlyCount "177"]
[EventDate "2022.??.??"]

1. d4 {[%eval 3,0]} d5 {[%eval 35,0]} 2. c4 {[%eval 36,0]} dxc4 {[%eval 33,0]}
3. e3 {[%eval 31,0]} Nf6 {[%eval 35,0]} 4. Bxc4 {[%eval 25,0]} e6 {[%eval 37,0]
} 5. Nf3 {[%eval 36,0]} c5 {[%eval 37,0]} 6. O-O {[%eval 35,0]} a6 {[%eval 36,
0]} 7. Bd3 {[%eval 0,0]} Nbd7 {[%eval 25,0]} 8. Qe2 {[%eval 15,0]} b5 {[%eval
5,0]} 9. a4 {[%eval 28,0]} c4 {[%eval 23,0]} 10. Bc2 {[%eval 29,0]} Bb7 {
[%eval 0,0]} 11. e4 {[%eval 0,0]} Be7 {[%eval 7,0]} 12. Bg5 {[%eval 6,0]} O-O {
[%eval 22,0]} 13. Nbd2 $6 {[%eval 57,0] Inaccuracy. e5 was best.} (13. e5 Nd5
14. Qe4 g6 15. Qh4 f6 16. exf6 N7xf6 17. Nbd2 Nh5 18. Be4 Bxg5 19. Qxg5 Qxg5)
13... h6 {[%eval 37,0]} 14. Bh4 {[%eval 65,0]} Qb6 {[%eval 3,0]} 15. Rfd1 {
[%eval 61,0]} Rfe8 {[%eval 5,0]} 16. e5 {[%eval 18,0]} Nd5 {[%eval 13,0]} 17.
Bxe7 {[%eval 38,0]} Nxe7 $6 {[%eval 14,0] Inaccuracy. Rxe7 was best.} (17...
Rxe7 18. Ne4 Rd8 19. Nd6 Nf8 20. axb5 axb5 21. Qe1 Red7 22. Qa5 Bc6 23. Be4 Qb8
24. Bxd5) 18. Ne4 {[%eval 22,0]} Bd5 {[%eval 28,0]} 19. Nd6 {[%eval 5,0]} Rf8 {
[%eval 14,0]} 20. Ra3 {[%eval 7,0]} f5 $2 {[%eval 95,0] Mistake. f6 was best.}
(20... f6 21. Re3) 21. Nh4 {[%eval 134,0]} Nc8 {[%eval 62,0]} 22. Nxc8 {
[%eval 53,0]} Rfxc8 $2 {[%eval 159,0] Mistake. Raxc8 was best.} (22... Raxc8
23. Ng6) 23. Ng6 {[%eval 103,0]} Qd8 {[%eval 123,0]} 24. Rg3 $2 {[%eval 8,0]
Mistake. Nf4 was best.} (24. Nf4) 24... Nf8 {[%eval 4,0]} 25. Nf4 {[%eval 8,0]}
Ra7 {[%eval 9,0]} 26. Qd2 {[%eval 2,0]} Kh8 {[%eval 0,0]} 27. h4 {[%eval 13,0]}
Rd7 {[%eval 12,0]} 28. h5 {[%eval 8,0]} Qh4 {[%eval 0,0]} 29. axb5 {[%eval 0,0]
} axb5 {[%eval 0,0]} 30. Ra3 {[%eval 4,0]} b4 {[%eval 0,0]} 31. Ra5 {[%eval 0,
0]} c3 $2 {[%eval 133,0] Mistake. b3 was best.} (31... b3 32. Bb1 Qg4 33. Rxd5
exd5 34. e6 Ra7 35. Re1 Re8 36. g3 Ra1 37. e7 Nh7 38. Kg2) 32. bxc3 {[%eval
133,0]} bxc3 {[%eval 133,0]} 33. Qe3 {[%eval 133,0]} Bb7 {[%eval 135,0]} 34.
Ra3 $6 {[%eval 75,0] Inaccuracy. Ra4 was best.} (34. Ra4) 34... Rdc7 $6 {
[%eval 103,0] Inaccuracy. Qg4 was best.} (34... Qg4) 35. Rc1 {[%eval 103,0]}
Qe7 {[%eval 113,0]} 36. Rb3 {[%eval 157,0]} Qd7 $6 {[%eval 245,0] Inaccuracy.
Qg5 was best.} (36... Qg5 37. Rb6) 37. Rb6 {[%eval 262,0]} Ba8 $6 {[%eval 388,
0] Inaccuracy. Qe8 was best.} (37... Qe8 38. Bb3 c2 39. Rxe6 Qb5 40. Rf6 gxf6
41. exf6 Qe8 42. Qg3 Rf7 43. Ng6+ Nxg6 44. hxg6) 38. Bb3 {[%eval 384,0]} Rc6 {
[%eval 407,0]} 39. Ba4 {[%eval 375,0]} Qd8 {[%eval 382,0]} 40. Bxc6 {[%eval
383,0]} Qxb6 {[%eval 391,0]} 41. Bxa8 {[%eval 389,0]} Rxa8 {[%eval 379,0]} 42.
Qxc3 {[%eval 383,0]} Rd8 $6 {[%eval 483,0] Inaccuracy. Kg8 was best.} (42...
Kg8 43. d5) 43. Rd1 $6 {[%eval 364,0] Inaccuracy. Qc5 was best.} (43. Qc5 Qb2
44. d5 exd5 45. e6 Re8 46. Qc6 Qb8 47. g3 d4 48. Rd1 Kg8 49. Qd5 Kh8) 43... Qb7
$6 {[%eval 469,0] Inaccuracy. Qa6 was best.} (43... Qa6 44. g3) 44. g3 $6 {
[%eval 364,0] Inaccuracy. d5 was best.} (44. d5 exd5) 44... Kg8 {[%eval 376,0]}
45. Qc4 {[%eval 353,0]} Rc8 {[%eval 305,0]} 46. Qd3 {[%eval 373,0]} Qc7 {
[%eval 445,0]} 47. Ra1 $6 {[%eval 354,0] Inaccuracy. d5 was best.} (47. d5 Re8)
47... Qb7 $6 {[%eval 489,0] Inaccuracy. Re8 was best.} (47... Re8 48. Rb1) 48.
d5 {[%eval 459,0]} exd5 $6 {[%eval 608,0] Inaccuracy. Qb2 was best.} (48... Qb2
) 49. Qxf5 {[%eval 592,0]} d4 {[%eval 649,0]} 50. e6 {[%eval 611,0]} Re8 {
[%eval 571,0]} 51. Rd1 {[%eval 488,0]} Nh7 {[%eval 504,0]} 52. Rxd4 {[%eval
485,0]} Ng5 {[%eval 463,0]} 53. Rd7 {[%eval 525,0]} Qc6 $6 {[%eval 818,0]
Inaccuracy. Qa8 was best.} (53... Qa8 54. Rd3) 54. e7 $4 {[%eval 78,0] Blunder.
Qf7+ was best.} (54. Qf7+ Nxf7 55. exf7+ Kf8 56. Ng6+ Qxg6 57. hxg6 Rc8 58. f4
Rc1+ 59. Kg2 Rc8 60. Kh3 Ra8) 54... Nf3+ {[%eval 89,0]} 55. Kf1 {[%eval 77,0]}
Nh2+ {[%eval 88,0]} 56. Kg1 {[%eval 83,0]} Nf3+ {[%eval 84,0]} 57. Kh1 {
[%eval 78,0]} Ne5+ {[%eval 93,0]} 58. Rd5 {[%eval 95,0]} Rxe7 {[%eval 73,0]}
59. Kh2 {[%eval 82,0]} Nf3+ {[%eval 81,0]} 60. Kh3 {[%eval 72,0]} Ng5+ {
[%eval 97,0]} 61. Kg4 {[%eval 64,0]} Qa8 {[%eval 61,0]} 62. Qd3 {[%eval 64,0]}
Qc8+ {[%eval 72,0]} 63. Kh4 {[%eval 74,0]} Re8 {[%eval 57,0]} 64. Qb3 {[%eval
59,0]} Kh8 {[%eval 62,0]} 65. Rb5 $6 {[%eval 0,0] Inaccuracy. Qd3 was best.} (
65. Qd3 Kg8 66. Rd4 Qc6 67. Rd8 Rxd8 68. Qxd8+ Kf7 69. Qd3 Qf3 70. Qf5+ Kg8 71.
Qd5+ Qxd5) 65... Qd8 $6 {[%eval 75,0] Inaccuracy. Ne4 was best.} (65... Ne4 66.
Ng6+ Kh7 67. Qd3 Kg8 68. Qd5+ Kh7) 66. Qd5 {[%eval 54,0]} Qf6 {[%eval 5,0]} 67.
Qf5 {[%eval 24,0]} Qa1 {[%eval 45,0]} 68. Ng6+ {[%eval 24,0]} Kg8 {[%eval 27,0]
} 69. Ne7+ {[%eval 2,0]} Kh8 {[%eval 29,0]} 70. Ng6+ {[%eval 12,0]} Kg8 {
[%eval 41,0]} 71. Rb1 {[%eval 0,0]} Qd4+ {[%eval 27,0]} 72. f4 {[%eval 3,0]}
Nf3+ $6 {[%eval 112,0] Inaccuracy. Qf2 was best.} (72... Qf2 73. Ne7+ Kh8 74.
fxg5 Qh2+ 75. Kg4 Qe2+ 76. Qf3 Qxe7 77. g6 Qd7+ 78. Kh4 Qd8+ 79. Kh3) 73. Kg4 {
[%eval 7,0]} Nh2+ $6 {[%eval 172,0] Inaccuracy. Ng5 was best.} (73... Ng5 74.
Ne7+ Kh8 75. Re1 Rd8 76. Ng6+ Kg8 77. Ne5 Qb4 78. Qb1 Qxb1 79. Rxb1 Ne4 80. Kh4
) 74. Kh3 {[%eval 106,0]} Nf3 {[%eval 106,0]} 75. Ne7+ {[%eval 161,0]} Kh8 {
[%eval 183,0]} 76. Ng6+ {[%eval 161,0]} Kg8 {[%eval 103,0]} 77. Rb7 $6 {
[%eval 71,0] Inaccuracy. Ne7+ was best.} (77. Ne7+ Kh8) 77... Qc4 {[%eval 44,0]
} 78. Ne7+ {[%eval 59,0]} Kh8 {[%eval 56,0]} 79. Ng6+ {[%eval 72,0]} Kg8 {
[%eval 63,0]} 80. Qb5 $6 {[%eval 0,0] Inaccuracy. Ne7+ was best.} (80. Ne7+ Kh8
81. Rb2 Qf1+ 82. Kg4 Nd4 83. Ng6+ Kh7 84. Nf8+ Kg8 85. Qh7+ Kxf8 86. Qh8+ Kf7)
80... Qe6+ {[%eval 0,0]} 81. Kg2 {[%eval 0,0]} Ne1+ {[%eval 0,0]} 82. Kh2 {
[%eval 0,0]} Nf3+ {[%eval 0,0]} 83. Kg2 {[%eval 0,0]} Ne1+ {[%eval 0,0]} 84.
Kh2 {[%eval 0,0]} Qa2+ {[%eval 0,0]} 85. Kh3 {[%eval 0,0]} Qg2+ {[%eval 0,0]}
86. Kg4 {[%eval 0,0]} Qf3+ {[%eval 0,0]} 87. Kh3 {[%eval 0,0]} Qh1+ {[%eval 0,
0]} 88. Kg4 {[%eval 0,0]} Qf3+ {[%eval 0,0]} 89. Kh3 {[%eval 0,0]} 1/2-1/2

[Event "Kvika Reykjavik Open 2022"]
[Site "Reykjavik, Iceland"]
[Date "2022.04.08"]
[Round "4.10"]
[White "Williams, Simon K"]
[Black "Cornette, Matthieu"]
[Result "1/2-1/2"]
[WhiteElo "2464"]
[BlackElo "2569"]
[PlyCount "96"]
[EventDate "2022.??.??"]

{Kg8 Qe4 Bxg2 Qg6+ Kf8 Qxf6+ Kg8 Qe7 Qg6+ Qh1} 1. c4 {[%eval 23,0]} e5 {
[%eval 25,0]} 2. Nc3 {[%eval 0,0]} Bb4 {[%eval 39,0]} 3. Nd5 {[%eval 1,0]} Be7
{[%eval 18,0]} 4. d4 {[%eval 32,0]} exd4 {[%eval 26,0]} 5. Nf3 {[%eval 0,0]}
Nf6 {[%eval 0,0]} 6. Nxd4 {[%eval 0,0]} Nxd5 {[%eval 11,0]} 7. cxd5 {[%eval 0,
0]} O-O {[%eval 11,0]} 8. g3 {[%eval 7,0]} c5 {[%eval 11,0]} 9. Nf5 {[%eval 66,
0]} d6 {[%eval 27,0]} 10. Nxe7+ {[%eval 58,0]} Qxe7 {[%eval 13,0]} 11. Bg2 {
[%eval 41,0]} Nd7 {[%eval 55,0]} 12. O-O $6 {[%eval 7,0] Inaccuracy. a4 was
best.} (12. a4 f5) 12... f5 {[%eval 2,0]} 13. Re1 {[%eval 11,0]} Ne5 $6 {
[%eval 65,0] Inaccuracy. Nf6 was best.} (13... Nf6) 14. f4 $6 {[%eval 5,0]
Inaccuracy. a4 was best.} (14. a4) 14... Ng4 {[%eval 8,0]} 15. e4 {[%eval 22,0]
} fxe4 {[%eval 6,0]} 16. Rxe4 {[%eval 15,0]} Qc7 $6 {[%eval 36,0] Inaccuracy.
Qf7 was best.} (16... Qf7 17. h3 Nf6 18. Re1 Re8 19. g4 Rxe1+ 20. Qxe1 Bd7 21.
f5 Re8 22. Qg3 h5 23. Bf4) 17. h3 {[%eval 61,0]} Nf6 {[%eval 48,0]} 18. Re1 {
[%eval 52,0]} Bd7 {[%eval 63,0]} 19. Bd2 {[%eval 33,0]} Rae8 {[%eval 36,0]} 20.
Qc2 {[%eval 34,0]} Qc8 {[%eval 6,0]} 21. Kh2 {[%eval 11,0]} Bf5 {[%eval 24,0]}
22. Qc4 {[%eval 31,0]} Rxe1 {[%eval 0,0]} 23. Rxe1 {[%eval 6,0]} Re8 {[%eval 0,
0]} 24. b4 {[%eval 39,0]} Rxe1 {[%eval 21,0]} 25. Bxe1 {[%eval 69,0]} Qe8 {
[%eval 49,0]} 26. Bc3 {[%eval 42,0]} b5 {[%eval 62,0]} 27. Qf1 {[%eval 62,0]}
c4 {[%eval 38,0]} 28. Bxf6 $6 {[%eval 91,0] Inaccuracy. Qf2 was best.} (28. Qf2
Be4) 28... gxf6 {[%eval 8,0]} 29. Qa1 {[%eval 75,0]} Kf7 {[%eval 75,0]} 30. Qd4
{[%eval 82,0]} Qe7 {[%eval 44,0]} 31. g4 {[%eval 37,0]} Bd3 {[%eval 33,0]} 32.
Bf3 {[%eval 42,0]} h6 {[%eval 55,0]} 33. h4 {[%eval 8,0]} Kg8 {[%eval 1,0]} 34.
Kg2 {[%eval 4,0]} Qe1 {[%eval 0,0]} 35. Qf2 {[%eval 18,0]} Qxb4 {[%eval 2,0]}
36. Qe3 {[%eval 0,0]} Kf8 {[%eval 0,0]} 37. Qe6 {[%eval 0,0]} Qb2+ $4 {[%eval
204,0] Blunder. c3 was best.} (37... c3 38. Qc8+ Ke7 39. Qc7+ Kf8) 38. Kg3 {
[%eval 147,0]} Qd4 {[%eval 192,0]} 39. Qxd6+ {[%eval 179,0]} Kf7 {[%eval 211,0]
} 40. Qe6+ {[%eval 146,0]} Kg7 {[%eval 182,0]} 41. Qe7+ {[%eval 135,0]} Kg8 {
[%eval 144,0]} 42. d6 $2 {[%eval 35,0] Mistake. Qe8+ was best.} (42. Qe8+ Kg7
43. Qe7+ Kg8 44. Bg2 Qc3 45. Qe8+ Kg7 46. Qd7+ Kf8 47. Qc8+ Kf7 48. Qc7+ Kf8)
42... Qg1+ {[%eval 58,0]} 43. Bg2 {[%eval 24,0]} Bf1 {[%eval 32,0]} 44. Qd8+ {
[%eval 34,0]} Kf7 {[%eval 48,0]} 45. Qc7+ {[%eval 68,0]} Kf8 {[%eval 54,0]} 46.
Qc8+ {[%eval 167,0]} Kf7 {[%eval 136,0]} 47. Qb7+ {[%eval 56,0]} Kf8 {[%eval 4,
0]} 48. Qa8+ {[%eval 109,0]} Kg7 {[%eval 167,0]} 1/2-1/2

[Event "Kvika Reykjavik Open 2022"]
[Site "Reykjavik, Iceland"]
[Date "2022.04.08"]
[Round "4.11"]
[White "Korley, Kassa"]
[Black "Steingrimsson, Hedinn"]
[Result "0-1"]
[WhiteElo "2400"]
[BlackElo "2538"]
[PlyCount "60"]
[EventDate "2022.??.??"]

1. d4 {[%eval 3,0]} Nf6 {[%eval 23,0]} 2. c4 {[%eval 2,0]} e6 {[%eval 23,0]} 3.
Nf3 {[%eval 0,0]} d5 {[%eval 17,0]} 4. g3 {[%eval 18,0]} dxc4 {[%eval 36,0]} 5.
Bg2 {[%eval 14,0]} a6 {[%eval 37,0]} 6. O-O {[%eval 12,0]} Nc6 {[%eval 43,0]}
7. Be3 {[%eval 3,0]} Nd5 {[%eval 28,0]} 8. Qc1 {[%eval 2,0]} Nxe3 {[%eval 34,0]
} 9. Qxe3 {[%eval 36,0]} Nb4 $6 {[%eval 87,0] Inaccuracy. Rb8 was best.} (9...
Rb8 10. Rd1) 10. Qc1 {[%eval 87,0]} b5 {[%eval 125,0]} 11. Ne5 {[%eval 155,0]}
Rb8 {[%eval 149,0]} 12. a3 {[%eval 169,0]} f6 {[%eval 108,0]} 13. Nxc4 $4 {
[%eval 0,0] Blunder. axb4 was best.} (13. axb4 fxe5) 13... bxc4 {[%eval 7,0]}
14. axb4 {[%eval 0,0]} Qxd4 {[%eval 8,0]} 15. Rd1 {[%eval 5,0]} Qb6 {[%eval 0,
0]} 16. Nd2 {[%eval 6,0]} Bxb4 {[%eval 0,0]} 17. Nxc4 {[%eval 0,0]} Qc5 {
[%eval 0,0]} 18. Qc2 {[%eval 16,0]} O-O {[%eval 0,0]} 19. Rac1 {[%eval 3,0]} a5
{[%eval 2,0]} 20. Be4 $6 {[%eval 72,0] Inaccuracy. Qe4 was best.} (20. Qe4 Qe7
21. Qe3 Rb5 22. Na3 Rb6 23. Nc2 Bd6 24. Nd4 Rxb2 25. Qc3 Rb6 26. Nc6 Qe8) 20...
h6 {[%eval 34,0]} 21. Qb3 {[%eval 67,0]} f5 {[%eval 78,0]} 22. Ne3 {[%eval 78,
0]} Qe5 {[%eval 86,0]} 23. Bxf5 $2 {[%eval -198,0] Mistake. Bf3 was best.} (23.
Bf3 Ba6 24. Qa2 Bd6 25. b3 g5 26. Nc4 Bxc4 27. Rxc4 g4 28. Bg2 Rb4 29. Rxb4
axb4) 23... Rxf5 {[%eval -26,0]} 24. Nxf5 {[%eval -23,0]} Qxf5 {[%eval -25,0]}
25. Rd8+ $6 {[%eval -191,0] Inaccuracy. Rxc7 was best.} (25. Rxc7 Bb7) 25...
Kh7 {[%eval -103,0]} 26. Rxc7 $6 {[%eval -215,0] Inaccuracy. h4 was best.} (26.
h4 Qe4) 26... Bb7 {[%eval -202,0]} 27. Rd1 {[%eval -395,0]} Bd5 {[%eval -375,0]
} 28. Qe3 {[%eval -325,0]} Bd6 {[%eval -387,0]} 29. Rd7 {[%eval -306,0]} Rb3 $6
{[%eval -256,0] Inaccuracy. Bf8 was best.} (29... Bf8 30. Ra7 Rb3 31. Qf4 Qxf4
32. gxf4 Rxb2 33. f5 Rxe2 34. fxe6 Bxe6 35. Rxa5 Bb4 36. Raa1) 30. Rxd5 $4 {
[%eval -607,0] Blunder. Qc1 was best.} (30. Qc1 Rb6) 30... Qb1+ {[%eval -677,0]
} 0-1

[Event "Kvika Reykjavik Open 2022"]
[Site "Reykjavik, Iceland"]
[Date "2022.04.08"]
[Round "4.12"]
[White "Gretarsson, Hjorvar Steinn"]
[Black "Larkin, Vladyslav"]
[Result "1-0"]
[WhiteElo "2542"]
[BlackElo "2424"]
[PlyCount "105"]
[EventDate "2022.??.??"]

1. c4 {[%eval 23,0]} e5 {[%eval 25,0]} 2. g3 {[%eval 12,0]} Nc6 {[%eval 31,0]}
3. Bg2 {[%eval 44,0]} Bc5 {[%eval 51,0]} 4. e3 {[%eval 18,0]} a6 {[%eval 67,0]}
5. Ne2 {[%eval 63,0]} Ba7 {[%eval 4,0]} 6. Nbc3 {[%eval 55,0]} d6 {[%eval 59,0]
} 7. b3 {[%eval 43,0]} h5 {[%eval 42,0]} 8. d4 {[%eval 49,0]} h4 {[%eval 44,0]}
9. dxe5 {[%eval 54,0]} Nxe5 {[%eval 87,0]} 10. h3 {[%eval 87,0]} hxg3 {[%eval
82,0]} 11. Nxg3 {[%eval 76,0]} Ng6 $6 {[%eval 138,0] Inaccuracy. Ne7 was best.}
(11... Ne7 12. Qc2) 12. Rg1 {[%eval 102,0]} Nf6 {[%eval 122,0]} 13. Bb2 {
[%eval 109,0]} Nh4 $6 {[%eval 191,0] Inaccuracy. Bxh3 was best.} (13... Bxh3)
14. Bh1 {[%eval 222,0]} Bxh3 $6 {[%eval 321,0] Inaccuracy. Ng6 was best.} (
14... Ng6 15. Nce4) 15. Nd5 $4 {[%eval 133,0] Blunder. Nce4 was best.} (15.
Nce4 Nxe4) 15... Nxd5 {[%eval 128,0]} 16. Qxd5 {[%eval 112,0]} c6 {[%eval 145,
0]} 17. Qe4+ {[%eval 127,0]} Be6 $6 {[%eval 228,0] Inaccuracy. Kf8 was best.} (
17... Kf8 18. O-O-O f6 19. Ba3 Bb8 20. Qc2 Qe7 21. Kb1 Bc7 22. Rd3 Kf7 23. f4
Rae8 24. e4) 18. O-O-O {[%eval 211,0]} d5 $6 {[%eval 302,0] Inaccuracy. Qe7
was best.} (18... Qe7 19. Bxg7 O-O-O 20. Bxh8 Rxh8 21. Qc2 Rd8 22. Qb2 Bg4 23.
Rd2 Bb6 24. Qg7 Be6 25. Qc3) 19. Qe5 {[%eval 302,0]} Ng6 {[%eval 302,0]} 20.
Qxg7 {[%eval 308,0]} Qa5 {[%eval 279,0]} 21. Qf6 {[%eval 258,0]} Bc5 {[%eval
263,0]} 22. Nf5 {[%eval 238,0]} Bxf5 {[%eval 200,0]} 23. Qxf5 {[%eval 201,0]}
Ba3 $2 {[%eval 383,0] Mistake. Ne7 was best.} (23... Ne7) 24. Kb1 {[%eval 407,
0]} Ne7 {[%eval 422,0]} 25. Qe5 $4 {[%eval 149,0] Blunder. Qf6 was best.} (25.
Qf6 Bxb2) 25... O-O-O $4 {[%eval 426,0] Blunder. Bxb2 was best.} (25... Bxb2
26. Kxb2 f6 27. Qe6 dxc4 28. Rd7 c3+ 29. Kc2 Qxa2+ 30. Kxc3 Qa5+ 31. Kc2 Qf5+
32. Qxf5) 26. Bxa3 $4 {[%eval 198,0] Blunder. cxd5 was best.} (26. cxd5) 26...
Qxa3 {[%eval 232,0]} 27. cxd5 {[%eval 199,0]} Qd6 {[%eval 231,0]} 28. Qxd6 {
[%eval 204,0]} Rxd6 {[%eval 225,0]} 29. dxc6 {[%eval 229,0]} Rxd1+ {[%eval 211,
0]} 30. Rxd1 {[%eval 226,0]} bxc6 {[%eval 228,0]} 31. Be4 {[%eval 238,0]} Rh2 {
[%eval 175,0]} 32. Rd2 {[%eval 203,0]} Kc7 {[%eval 213,0]} 33. Kc2 {[%eval 201,
0]} a5 {[%eval 225,0]} 34. Kd3 $6 {[%eval 156,0] Inaccuracy. Kd1 was best.} (
34. Kd1 Rh4) 34... f5 {[%eval 179,0]} 35. Bf3 {[%eval 191,0]} Ng6 $6 {[%eval
253,0] Inaccuracy. Rh4 was best.} (35... Rh4 36. Rd1 a4 37. Rh1 Rxh1 38. Bxh1
axb3 39. axb3 Kd6 40. Bg2 c5 41. Bh3 Ke5 42. Kc3) 36. Ke2 {[%eval 258,0]} Ne5 {
[%eval 205,0]} 37. Rd4 {[%eval 205,0]} Nf7 $2 {[%eval 423,0] Mistake. Ng6 was
best.} (37... Ng6) 38. Rc4 {[%eval 427,0]} Ne5 {[%eval 416,0]} 39. Rf4 {
[%eval 418,0]} Nxf3 {[%eval 401,0]} 40. Kxf3 {[%eval 392,0]} Rh3+ {[%eval 408,
0]} 41. Ke2 {[%eval 401,0]} Rh5 {[%eval 419,0]} 42. Rd4 $6 {[%eval 297,0]
Inaccuracy. Kf3 was best.} (42. Kf3 Kb6 43. Rc4 Rh2 44. Kg3 Rh8 45. Kf4 c5 46.
Ke5 Rd8 47. f4 Rf8 48. Rc3 a4) 42... Rh3 {[%eval 336,0]} 43. Rd1 {[%eval 313,0]
} Kb6 {[%eval 289,0]} 44. Rd4 {[%eval 276,0]} Kb5 $6 {[%eval 378,0] Inaccuracy.
Rh1 was best.} (44... Rh1) 45. Rf4 {[%eval 349,0]} Rh5 {[%eval 347,0]} 46. Kd3
{[%eval 412,0]} Kc5 {[%eval 405,0]} 47. Rc4+ {[%eval 429,0]} Kb5 {[%eval 536,0]
} 48. Kd4 {[%eval 568,0]} Rh4+ {[%eval 677,0]} 49. f4 {[%eval 677,0]} Rh2 {
[%eval 712,0]} 50. a4+ {[%eval 709,0]} Kb6 {[%eval 723,0]} 51. Ke5 {[%eval 727,
0]} Rh5 {[%eval 704,0]} 52. Rc3 {[%eval 738,0]} Kc7 {[%eval 754,0]} 53. Kf6 {
[%eval 732,0]} 1-0

[Event "Kvika Reykjavik Open 2022"]
[Site "Reykjavik, Iceland"]
[Date "2022.04.08"]
[Round "4.13"]
[White "Mannion, Stephen R"]
[Black "Gupta, Abhijeet"]
[Result "0-1"]
[WhiteElo "2245"]
[BlackElo "2616"]
[PlyCount "88"]
[EventDate "2022.??.??"]

1. e4 {[%eval 33,0]} c5 {[%eval 32,0]} 2. Nf3 {[%eval 0,0]} d6 {[%eval 0,0]} 3.
d4 {[%eval 15,0]} cxd4 {[%eval 13,0]} 4. Nxd4 {[%eval 29,0]} Nf6 {[%eval 31,0]}
5. Nc3 {[%eval 18,0]} a6 {[%eval 33,0]} 6. Bd3 {[%eval 24,0]} Nbd7 {[%eval 21,
0]} 7. O-O {[%eval 12,0]} g6 {[%eval 28,0]} 8. a4 {[%eval 34,0]} Bg7 {[%eval
37,0]} 9. Re1 {[%eval 7,0]} O-O $6 {[%eval 64,0] Inaccuracy. b6 was best.} (
9... b6 10. Bg5 Bb7 11. Qd2 h6 12. Bh4 O-O 13. Bf1 Re8 14. f3 Qc7 15. Rad1 e6
16. Kh1) 10. Bg5 {[%eval 26,0]} Re8 {[%eval 9,0]} 11. Qd2 {[%eval 13,0]} Nc5 {
[%eval 28,0]} 12. Rad1 {[%eval 0,0]} Bd7 {[%eval 2,0]} 13. b3 {[%eval 18,0]}
Rc8 {[%eval 24,0]} 14. Bf1 {[%eval 3,0]} Qa5 {[%eval 59,0]} 15. Nde2 {[%eval
-96,0]} h6 {[%eval -100,0]} 16. Be3 {[%eval -74,0]} Ng4 {[%eval -98,0]} 17. Bd4
{[%eval -93,0]} Bxd4 $6 {[%eval 36,0] Inaccuracy. e5 was best.} (17... e5) 18.
Qxd4 {[%eval 31,0]} Ne6 {[%eval 49,0]} 19. Qd3 {[%eval 28,0]} Qe5 {[%eval 36,0]
} 20. Qg3 {[%eval 27,0]} Qxg3 {[%eval 33,0]} 21. hxg3 {[%eval 4,0]} Rc5 {
[%eval 37,0]} 22. Rd5 {[%eval 52,0]} Rc6 {[%eval 18,0]} 23. Rd2 {[%eval 36,0]}
Rec8 {[%eval 54,0]} 24. Nd5 {[%eval 65,0]} Rxc2 {[%eval 43,0]} 25. Nxe7+ {
[%eval 47,0]} Kf8 {[%eval 42,0]} 26. Rxc2 $2 {[%eval -46,0] Mistake. Nxc8 was
best.} (26. Nxc8) 26... Rxc2 {[%eval -75,0]} 27. Nd5 {[%eval -88,0]} Rb2 {
[%eval -85,0]} 28. f3 $2 {[%eval -114,0] Mistake. Nb6 was best.} (28. Nb6)
28... Ne5 {[%eval -113,0]} 29. Nc1 {[%eval -297,0]} Nd4 {[%eval -256,0]} 30.
Re3 {[%eval -255,0]} Be6 {[%eval -245,0]} 31. Rc3 {[%eval -386,0]} b5 $2 {
[%eval -189,0] Mistake. Bxd5 was best.} (31... Bxd5) 32. axb5 {[%eval -131,0]}
axb5 {[%eval -159,0]} 33. f4 $6 {[%eval -242,0] Inaccuracy. Nb4 was best.} (33.
Nb4 Rb1 34. Kf2 Nxb3 35. Nxb3 Bxb3 36. Rc8+ Kg7 37. Na6 Rb2+ 38. Kg1 Bc4 39.
Nc7 Kf6) 33... Ng4 {[%eval -242,0]} 34. Nc7 {[%eval -254,0]} b4 {[%eval -122,0]
} 35. Nxe6+ {[%eval -279,0]} fxe6 $6 {[%eval -163,0] Inaccuracy. Nxe6 was best.
} (35... Nxe6) 36. Rc4 $6 {[%eval -238,0] Inaccuracy. Rc8+ was best.} (36. Rc8+
Ke7 37. Nd3 Rd2 38. Rc7+ Kd8 39. Rc1 Nc2 40. Ne1 Nce3 41. Nf3 Nxf1 42. Kxf1
Rf2+) 36... Rb1 {[%eval -112,0]} 37. Rxd4 {[%eval -119,0]} Rxc1 {[%eval -112,0]
} 38. Rd3 $2 {[%eval -497,0] Mistake. Rxd6 was best.} (38. Rxd6 Ne3 39. Kf2 Ke7
40. Rb6 Nxf1 41. Rb7+ Kd6 42. g4 Nd2 43. Rxb4 Kc5 44. Ra4 Rc2) 38... Ke7 {
[%eval -462,0]} 39. Rf3 {[%eval -408,0]} Rb1 {[%eval -553,0]} 40. Rd3 {[%eval
-594,0]} h5 {[%eval -569,0]} 41. Rf3 {[%eval -585,0]} d5 {[%eval -700,0]} 42.
exd5 {[%eval -700,0]} exd5 {[%eval -677,0]} 43. f5 {[%eval -662,0]} g5 {
[%eval -646,0]} 44. Rd3 {[%eval -631,0]} Kf6 {[%eval -693,0]} 0-1

[Event "Kvika Reykjavik Open 2022"]
[Site "Reykjavik, Iceland"]
[Date "2022.04.08"]
[Round "4.14"]
[White "Mishra, Abhimanyu"]
[Black "Burlacu, Bogdan"]
[Result "1-0"]
[WhiteElo "2524"]
[BlackElo "2286"]
[PlyCount "58"]
[EventDate "2022.??.??"]

1. d4 {[%eval 3,0]} d5 {[%eval 35,0]} 2. c4 {[%eval 36,0]} c6 {[%eval 28,0]} 3.
Nf3 {[%eval 38,0]} Nf6 {[%eval 38,0]} 4. Nc3 {[%eval 28,0]} e6 {[%eval 36,0]}
5. Qd3 {[%eval 0,0]} Nbd7 {[%eval 0,0]} 6. e4 {[%eval 0,0]} dxe4 {[%eval 1,0]}
7. Nxe4 {[%eval 5,0]} Nxe4 {[%eval 25,0]} 8. Qxe4 {[%eval 12,0]} Nf6 {[%eval
11,0]} 9. Qe3 {[%eval 0,0]} c5 {[%eval 0,0]} 10. dxc5 {[%eval 18,0]} Qa5+ {
[%eval 5,0]} 11. Bd2 {[%eval 38,0]} Qxc5 {[%eval 46,0]} 12. Bd3 {[%eval 3,0]}
b6 {[%eval 37,0]} 13. O-O $6 {[%eval 29,0] Inaccuracy. Nd4 was best.} (13. Nd4
Be7 14. O-O O-O 15. Bc3 Ba6 16. b4 Qc7 17. Rac1 Bb7 18. Rcd1 Rfd8 19. Nb5 Qc6)
13... Bb7 {[%eval 39,0]} 14. Qe2 {[%eval 43,0]} Be7 $6 {[%eval 28,0]
Inaccuracy. Bd6 was best.} (14... Bd6) 15. Ne5 {[%eval 22,0]} O-O {[%eval 57,0]
} 16. Rad1 {[%eval 42,0]} Rad8 {[%eval 55,0]} 17. Bc3 {[%eval 55,0]} Qc7 {
[%eval 61,0]} 18. Rfe1 {[%eval 47,0]} Ba8 {[%eval 41,0]} 19. Qe3 {[%eval 33,0]}
Bc5 $6 {[%eval 9,0] Inaccuracy. h6 was best.} (19... h6 20. Qe2 Qb7 21. f3 a5
22. a3 Bc5+ 23. Kh1 Qe7 24. Bb1 Rxd1 25. Rxd1 Rd8 26. Rxd8+) 20. Qh3 {[%eval
101,0]} h6 {[%eval 68,0]} 21. b4 {[%eval 5,0]} Bd6 {[%eval 63,0]} 22. Qe3 $6 {
[%eval 6,0] Inaccuracy. f4 was best.} (22. f4 a5) 22... Qb7 $6 {[%eval 75,0]
Inaccuracy. Nd7 was best.} (22... Nd7 23. Ng4 Bf4 24. Qe2 h5 25. Ne5 Nxe5 26.
Bxe5 Bxe5 27. Qxe5 Qxe5 28. Rxe5 h4 29. f3) 23. f3 {[%eval 46,0]} a5 {[%eval
51,0]} 24. a3 {[%eval 59,0]} axb4 {[%eval 75,0]} 25. axb4 {[%eval 84,0]} Qe7 $4
{[%eval 264,0] Blunder. Qc7 was best.} (25... Qc7 26. Bb1) 26. Rb1 $4 {[%eval
38,0] Blunder. Qxb6 was best.} (26. Qxb6 h5) 26... Nd7 {[%eval 8,0]} 27. Ng4 {
[%eval 97,0]} e5 $6 {[%eval 201,0] Inaccuracy. Qg5 was best.} (27... Qg5 28.
Qxg5) 28. Bf5 {[%eval 164,0]} Rfe8 {[%eval 174,0]} 29. f4 {[%eval 206,0]} e4 $4
{[%eval 647,0] Blunder. h5 was best.} (29... h5 30. Qh3 g6 31. Bxd7 hxg4 32.
Bxg4 f5 33. Bf3 Bxf3 34. gxf3 Qf7 35. Rbc1 Rc8 36. fxe5) 1-0